Consumer behaviour (Record no. 604)

000 -LEADER
fixed length control field 00588nam a22001937a 4500
003 - CONTROL NUMBER IDENTIFIER
control field OSt
005 - DATE AND TIME OF LATEST TRANSACTION
control field 20210615140553.0
008 - FIXED-LENGTH DATA ELEMENTS--GENERAL INFORMATION
fixed length control field 210615b ||||| |||| 00| 0 eng d
040 ## - CATALOGING SOURCE
Transcribing agency ALUPE UNIVERSITY
050 ## - LIBRARY OF CONGRESS CALL NUMBER
Classification number HF5451.32
Item number .S65 2005
100 ## - MAIN ENTRY--PERSONAL NAME
Personal name Solomon, Michael R
245 ## - TITLE STATEMENT
Title Consumer behaviour
Remainder of title Consumer behaviour
250 ## - EDITION STATEMENT
Edition statement 3rd Canadian ed
Remainder of edition statement 3rd Canadian ed
260 ## - PUBLICATION, DISTRIBUTION, ETC.
Place of publication, distribution, etc. Torornto
Name of publisher, distributor, etc. Pearson
Date of publication, distribution, etc. c2005
300 ## - PHYSICAL DESCRIPTION
Extent xvii.
Other physical details 588p. :
Dimensions col.
Accompanying material il
Type of unit l. ;
Size of unit 27 cm
500 ## - GENERAL NOTE
General note glossary,index
942 ## - ADDED ENTRY ELEMENTS (KOHA)
Source of classification or shelving scheme
Koha item type Book
Suppress in OPAC DO
Holdings
Withdrawn status Lost status Source of classification or shelving scheme Damaged status Not for loan Permanent Location Current Location Shelving location Date acquired Total Checkouts Full call number Barcode Date last seen Price effective from Koha item type Public note
          AU LIBRARY AU LIBRARY Open Shelf 15.06.2021   HF5451.32 .S65 2005 28000204 15.06.2021 15.06.2021 Book DO

Powered by Koha